000 02063nam a2200445 c 4500
003 BLK
005 20180422114848.0
008 180411b bul|||||r ||||||| ||bul||
010 _aKNG00185898000
040 _aBLK
041 _aBUL
_cBUL
072 7 _2bullib
_aН84
_xБългарска художествена литература Н
080 _aБългарска литература
_b821.163.2
_x-94
_z821.163.2-94
080 _aМедицина
_b61
_x(497.2)(092)(093.3)
_z61(497.2)(092)(093.3)
080 _aМаринов, Петкан Проданов. Български хематолог
_b929 Проданов, Петкан
_x
_z929 Проданов, Петкан
100 1 _aПроданов, Петкан
_eпърви автор
_gМаринов, Петкан Проданов
_9379022
700 1 _aМаринов, Петкан Проданов
_e*
_9294770
139 _aПроданов, Петкан
_bП 91
245 1 0 _aПодир сенките на спомените
_bАвтобиогр. с библиогр.
_cПеткан Проданов; * Петкан Проданов Маринов.
257 _aBGR
260 Хасково
_bИзд. авт.
_c2015
_fХасково : Пре-прес
300 _a327 с.
_bс ил.
_c21 см
380 _aX
500 _aПълното име на авт. е Петкан Проданов Маринов. - Библиогр. с. 321-325.
600 1 4 _aПроданов, Петкан
_9294771
650 4 _aПроданов, Петкан
_9294771
650 4 _aХематолози, български
_9176392
650 4 _aМедицина - България
_9281464
650 4 _aЛекари, български - спомени
_9264252
651 4 _aБългария
_9241624
653 _aПеткан Проданов
653 _aлекари
653 _aспомени
653 _aавтобиографии
852 _aЦб 279012
856 4 _qpdf
_u
856 4 _qpdf
_u
942 _cKNG
_n0
944 _aCR
_c15.01.2016
_lф /
_kВиолета_Тройчева
944 _aED
_c24.03.2016
_lф /
_kЛюдмила_Стоянова
999 _c177241
_d177241